000 00640cam a2200241 4500
008 090401t1992 xxu||||| |||| 00| 0 eng d
020 _a0117527173
035 _a(Sirsi) u62962
041 _aeng
050 _a711.1
110 _aUnited Kingdom
_bDepartment of the Environment
_9982
245 _aPlanning policy guidance: simplified planning zones.
250 _aRevised ed.
260 _aLondon
_bHMSO
_c1992
300 _a(20)p. ; 30cm.
350 _a3.9
490 _aPPG
_v5
650 _aPPG5
650 _aSIMPLIFIED PLANNING ZONES
710 _aUnited Kingdom
_bWelsh Office
_91214
942 _n0
948 _c04/03/1997
999 _c94495
_d94495